Jamais deux sans trois #3 - Statistiques

Statistiques générales
  • Ce quiz a été pris 10 471 fois
  • Le résultat moyen est 12 sur 20
Statistiques - réponses
Explication Les deux... ...et le troisième % Correct
Trois en espagnol Un, dos Tres
98%
Expression, film et chanson Métro, boulot Dodo
92%
Pays du Benelux Belgique, Pays-Bas Luxembourg
87%
Constituants de la Grande-Bretagne Angleterre, Pays de Galles Écosse
85%
Servis dans le kebab Salade, tomates Oignons
83%
Devise olympique Plus vite, plus haut Plus fort
83%
Lorsqu'une balle de match est transformée Jeu, set Match
82%
Étapes de la dissertation Thèse, antithèse Synthèse
76%
Série télévisée Amour, gloire Beauté
74%
Angles Aigu, obtus Droit
67%
Totally Spies Sam, Clover Alex
58%
Couleurs primaires Magenta, Cyan Jaune
56%
Côtés d'un triangle Hypoténuse, adjacent Opposé
53%
Cordes classiquement dans un quatuor Violons, alto Violoncelle
46%
Couches générales de la Terre Noyau, manteau Croûte
40%
Classes de roches Sédimentaires, métamorphiques Magmatiques
21%
Grandes pyramides de Gizeh Mykérinos, Képhren Khéops
20%
Composantes d'un discours Logos, ethos Pathos
19%
Trimurti, divinités suprêmes hindoues Brahmâ, Vishnu Shiva
12%
Premier triumvirat romain Jules César, Crassus Pompée
10%
Aucun quiz correspondant
Distribution des résultats
% des personnes avec chaque résultat
Percentile par nombre de réponses
Votre historique - résultats
Vous n’avez pas pris ce quiz